Sanusi of Cyrenaica (Record no. 449)

MARC details
000 -LEADER
fixed length control field 00616nam a2200253 a 4500
020 ## - INTERNATIONAL STANDARD BOOK NUMBER
ISBN
082 00 - DEWEY DECIMAL CLASSIFICATION NUMBER
Classification number 297.8
Author Cutter PRI
100 ## - MAIN ENTRY--AUTHOR NAME
Author name Pritchard, E E Evans
245 ## - TITLE STATEMENT
Title Sanusi of Cyrenaica
260 ## - PUBLICATION, DISTRIBUTION, ETC. (IMPRINT)
Place of publication Oxford
Name of publisher Clarendon Press
Year of publication 1963
300 ## - PHYSICAL DESCRIPTION
Number of Pages 240p
500 ## - GENERAL NOTE
General note includes index and biblioraphy
505 2# - FORMATTED CONTENTS NOTE
Formatted contents note Ill, Index
650 ## - SUBJECT ADDED ENTRY--TOPICAL TERM
Topical Term Sanusi of Cyrenaica
650 ## - SUBJECT ADDED ENTRY--TOPICAL TERM
Topical Term Islam-North Africa
942 ## - ADDED ENTRY ELEMENTS (KOHA)
Koha item type Books
700 1# -
-- Pritchard, E E Evans
Holdings
Collection code Home library Current library Date acquired Cost, normal purchase price Full call number Accession Number Koha item type
  Henry Martyn Institute Library Henry Martyn Institute Library 05/24/2005 25.84 297.8 PRI 03310 Books
                   Copyright © 2026 | Henry Martyn Institute | Hyderabad | TS-500052 | INDIA | Implemented by hmi.edu.in
Hit-Count:

Powered by Koha